[Event "XIV Closed IM BCC 2021"]
[Site "Barcelona"]
[Date "2021.05.05"]
[Round "3.1"]
[White "Martin Barcelo, Carles"]
[Black "Msellek, Ilyass"]
[Result "1/2-1/2"]
[WhiteElo "2201"]
[BlackElo "2342"]
[Annotator "NA"]
[PlyCount "51"]
[EventDate "2021.05.03"]
[EventType "tourn"]
[EventCountry "ESP"]
[SourceTitle "playchess.com"]
[Source "ChessBase"]
[SourceQuality "1"]
[TimeControl "5400+30"]

1. e4 {[%emt 0:00:00]} c5 {[%emt 0:02:13]} 2. Nf3 {[%emt 0:00:00]} e6 {[%emt 0:00:10]} 3. b3 {[%emt 0:00:42]} b6 {[%emt 0:00:43]} 4. Bb2 {[%emt 0:01:46]} Bb7 {[%emt 0:00:25]} 5. Nc3 {[%emt 0:01:08]} Nc6 {[%emt 0:00:25]} 6. d4 {[%emt 0:01:48]} cxd4 {[%emt 0:00:19]} 7. Nxd4 {[%emt 0:00:06]} Nf6 {[%emt 0:01:18]} 8. Nxc6 {[%emt 0:00:29]} Bxc6 {[%emt 0:00:17]} 9. Bd3 {[%emt 0:00:16]} Bb4 {[%emt 0:05:35]} 10. O-O {[%emt 0:00:53]} Qc7 {[%emt 0:15:51]} 11. Qe2 {[%emt 0:02:23]} Qe5 {[%emt 0:06:50]} 12. Nd1 {[%emt 0:01:16]} Qh5 {[%emt 0:07:09]} 13. Qxh5 {[%emt 0:03:13]} Nxh5 {[%emt 0:00:02]} 14. g3 {[%emt 0:10:46]} Nf6 {[%emt 0:07:52]} 15. a3 {[%emt 0:12:05]} Be7 {[%emt 0:01:13]} 16. Re1 {[%emt 0:00:52]} b5 {[%emt 0:09:13]} 17. Nc3 {[%emt 0:07:09]} a6 {[%emt 0:06:36]} 18. a4 {[%emt 0:04:06]} b4 {[%emt 0:04:09]} 19. Nb1 {[%emt 0:01:58]} Bc5 {[%emt 0:02:28]} 20. h3 {[%emt 0:08:39]} d6 {[%emt 0:07:12]} 21. Nd2 {[%emt 0:04:30]} Ke7 {[%emt 0:00:24]} 22. Bf1 {[%emt 0:07:14]} h5 {[%emt 0:05:57]} 23. Bg2 {[%emt 0:04:25]} Nd7 {[%emt 0:00:31]} 24. Nc4 {[%emt 0:04:54]} Rac8 {[%emt 0:02:56]} 25. Rad1 {[%emt 0:04:09]} f6 {[%emt 0:00:06]} 26. Bd4 {[%emt 0:05:10]} 1/2-1/2

[Event "XIV Closed IM BCC 2021"]
[Site "Barcelona"]
[Date "2021.05.05"]
[Round "3.2"]
[White "Dalaud, Dorian"]
[Black "Boyer, Mahel"]
[Result "0-1"]
[WhiteElo "2306"]
[BlackElo "2333"]
[Annotator "TA"]
[PlyCount "66"]
[EventDate "2021.05.03"]
[EventType "tourn"]
[EventCountry "ESP"]
[SourceTitle "playchess.com"]
[Source "ChessBase"]
[SourceQuality "1"]

{[%evp 11,66,24,20,9,18,12,24,4,4,0,4,0,9,6,9,8,6,7,49,46,42,52,39,44,64,54,56,25,22,19,28,6,23,20,33,-103,-92,-152,-164,-162,0,-291,-279,-373,-410,-406,-394,-402,-404,-387,-396,-395,-359,-422,-423,-488,-472]} 1. e4 e6 2. d4 d5 3. exd5 exd5 4. Nf3 Bd6 5. c4 Nf6 6. c5 Be7 7. Qa4+ {C01: French: Exchange Variation.} Bd7 8. Qc2 {[#]} Nc6 $146 ({Predecessor:} 8... b6 9. Be3 Nc6 10. Be2 O-O 11. Nc3 Nb4 12. Qd2 a5 13. cxb6 cxb6 14. O-O Ne4 {1-0 (54) Bacrot,E (2678)-Fodor,T (2529) England 2019}) 9. Bb5 {White has an edge.} (9. Nc3 {keeps more tension.} O-O 10. Be3 b6 11. Be2 Nb4 12. Qd2) 9... O-O 10. Bxc6 Bxc6 11. O-O Ne4 12. Nc3 Bf6 13. Bf4 Re8 14. Rfe1 g5 15. Be5 Be7 16. Nd2 {[%cal Rd2e4]} Nxc3 17. Qxc3 Qd7 18. Qg3 Rac8 19. h4 f6 20. Bf4 {[%cal Rh4g5]} h6 21. Nf3 Kh7 22. hxg5 hxg5 23. Bxg5 (23. Be3 $14) 23... fxg5 $17 24. Re5 (24. a4 $142) 24... Bf6 25. Nxg5+ {[#]} Kh8 $2 (25... Kh6 $1 $19 26. f4 (26. Nf3 Bxe5 27. Nxe5 Rxe5 $17) 26... Bxe5 27. fxe5 Qe7) 26. Rxe8+ $4 {[%mdl 8192]} (26. Ne6 $11 {and White stays safe.} Qh7 27. Qf4 Bxe5 28. Qxe5+ Kg8 29. Qg3+ Kh8 30. Qe5+ Kg8 31. Qg3+ Kh8 32. Qe5+) 26... Rxe8 $19 27. Qh2+ Kg8 28. Nf3 Re4 29. Rd1 Qh7 30. Qg3+ Qg7 31. Qh2 Be8 32. Qh3 Bd7 33. Qh2 Bg4 {Weighted Error Value: White=0.39/Black=0.13} 0-1

[Event "XIV Closed IM BCC 2021"]
[Site "Barcelona"]
[Date "2021.05.05"]
[Round "3.3"]
[White "Kuhn, Clement"]
[Black "Asis Gargatagli, Hipolito"]
[Result "0-1"]
[WhiteElo "2252"]
[BlackElo "2454"]
[Annotator "ChessBase"]
[PlyCount "54"]
[EventDate "2021.05.03"]
[EventType "tourn"]
[EventCountry "ESP"]
[SourceTitle "playchess.com"]
[Source "ChessBase"]
[SourceQuality "1"]
[TimeControl "5400+30"]

1. e4 {[%emt 0:00:00]} e5 {[%emt 0:00:00]} 2. Nf3 {[%emt 0:00:00]} Nc6 {[%emt 0:00:00]} 3. Bb5 {[%emt 0:00:00]} a6 {[%emt 0:00:00]} 4. Ba4 {[%emt 0:00:00]} Nf6 {[%emt 0:00:00]} 5. O-O {[%emt 0:00:00]} Bc5 {[%emt 0:00:00]} 6. c3 {[%emt 0:07:44]} b5 {[%emt 0:00:14]} 7. Bc2 {[%emt 0:00:05]} d5 {[%emt 0:00:05]} 8. exd5 {[%emt 0:00:15]} Qxd5 {[%emt 0:00:09]} 9. d4 {[%emt 0:09:48]} exd4 {[%emt 0:00:06]} 10. Re1+ {[%emt 0:00:38]} Be6 {[%emt 0:00:22]} 11. Bb3 {[%emt 0:02:35]} Qd6 {[%emt 0:00:11]} 12. Bxe6 {[%emt 0:11:05]} fxe6 {[%emt 0:00:36]} 13. Qb3 {[%emt 0:03:23]} O-O-O {[%emt 0:15:41]} 14. Qxe6+ {[%emt 0:12:42]} Qxe6 {[%emt 0:06:19]} 15. Rxe6 {[%emt 0:00:14]} Kb7 {[%emt 0:00:07]} 16. Bg5 {[%emt 0:05:36]} Rhe8 {[%emt 0:09:48]} 17. Rxe8 {[%emt 0:03:17]} Rxe8 {[%emt 0:00:29]} 18. Bxf6 {[%emt 0:03:22]} gxf6 {[%emt 0:01:08]} 19. Kf1 {[%emt 0:00:48]} d3 {[%emt 0:04:26]} 20. Ne1 {[%emt 0:02:05]} Ne5 {[%emt 0:00:11]} 21. Nd2 {[%emt 0:03:10]} Bb6 {[%emt 0:03:24]} 22. Nb3 {[%emt 0:13:36]} c5 {[%emt 0:03:24]} 23. Nd2 {[%emt 0:09:21]} c4 {[%emt 0:02:11]} 24. f3 {[%emt 0:05:05]} f5 {[%emt 0:01:46]} 25. b3 {[%emt 0:01:27]} Be3 {[%emt 0:02:24]} 26. Rd1 {[%emt 0:00:26]} Bxd2 {[%emt 0:00:35]} 27. Rxd2 {[%emt 0:00:12]} b4 {[%emt 0:00:30]} 0-1

[Event "XIV Closed IM BCC 2021"]
[Site "Barcelona"]
[Date "2021.05.05"]
[Round "3.4"]
[White "Perez Perez, Gabriel"]
[Black "Benedetti, Julio"]
[Result "1/2-1/2"]
[WhiteElo "2079"]
[BlackElo "2282"]
[Annotator "NA"]
[PlyCount "67"]
[EventDate "2021.05.03"]
[EventType "tourn"]
[EventCountry "ESP"]
[SourceTitle "playchess.com"]
[Source "ChessBase"]
[SourceQuality "1"]
[TimeControl "5400+30"]

1. e4 {[%emt 0:00:00]} c5 {[%emt 0:08:04]} 2. Nf3 {[%emt 0:00:00]} d6 {[%emt 0:00:14]} 3. d4 {[%emt 0:00:10]} cxd4 {[%emt 0:00:06]} 4. Nxd4 {[%emt 0:00:02]} Nf6 {[%emt 0:00:19]} 5. Nc3 {[%emt 0:00:28]} a6 {[%emt 0:00:09]} 6. Rg1 {[%emt 0:00:18]} e6 {[%emt 0:08:51]} 7. g4 {[%emt 0:02:12]} h6 {[%emt 0:00:43]} 8. h4 {[%emt 0:00:54]} Nfd7 {[%emt 0:08:51]} 9. g5 {[%emt 0:01:39]} hxg5 {[%emt 0:03:41]} 10. hxg5 {[%emt 0:00:53]} Ne5 {[%emt 0:09:56]} 11. Be3 {[%emt 0:10:45]} Qc7 {[%emt 0:08:12]} 12. f4 {[%emt 0:11:23]} Nc4 {[%emt 0:00:48]} 13. Bxc4 {[%emt 0:01:08]} Qxc4 {[%emt 0:00:05]} 14. Qd3 {[%emt 0:02:58]} Qxd3 {[%emt 0:12:10]} 15. cxd3 {[%emt 0:00:04]} Rh3 {[%emt 0:01:50]} 16. Kd2 {[%emt 0:04:12]} Rh2+ {[%emt 0:01:58]} 17. Nde2 {[%emt 0:02:16]} b5 {[%emt 0:00:26]} 18. Rh1 {[%emt 0:00:22]} Rxh1 {[%emt 0:00:25]} 19. Rxh1 {[%emt 0:00:13]} Bd7 {[%emt 0:03:05]} 20. Rh8 {[%emt 0:08:20]} b4 {[%emt 0:01:50]} 21. Nd1 {[%emt 0:00:10]} Nc6 {[%emt 0:02:35]} 22. Nd4 {[%emt 0:02:37]} Ne7 {[%emt 0:00:40]} 23. Nf3 {[%emt 0:10:23]} Ng6 {[%emt 0:01:28]} 24. Rh7 {[%emt 0:00:02]} Rc8 {[%emt 0:01:53]} 25. Nh4 {[%emt 0:04:33]} a5 {[%emt 0:06:43]} 26. Nxg6 {[%emt 0:03:02]} fxg6 {[%emt 0:00:02]} 27. Bd4 {[%emt 0:02:17]} Kf7 {[%emt 0:00:06]} 28. Ne3 {[%emt 0:00:55]} Kg8 {[%emt 0:02:31]} 29. Rh1 {[%emt 0:01:22]} Bb5 {[%emt 0:00:08]} 30. b3 {[%emt 0:06:11]} Be7 {[%emt 0:01:49]} 31. Nc4 {[%emt 0:02:15]} Rf8 {[%emt 0:03:17]} 32. Be3 {[%emt 0:08:00]} Kf7 {[%emt 0:00:33]} 33. a4 {[%emt 0:05:01]} bxa3 {[%emt 0:01:14]} 34. Nxa3 {[%emt 0:00:01]} 1/2-1/2

[Event "XIV Closed IM BCC 2021"]
[Site "Barcelona"]
[Date "2021.05.05"]
[Round "3.5"]
[White "Munoz, Miguel"]
[Black "Ryan, Joseph"]
[Result "1/2-1/2"]
[WhiteElo "2462"]
[BlackElo "2271"]
[Annotator "ChessBase"]
[PlyCount "55"]
[EventDate "2021.05.03"]
[EventType "tourn"]
[EventCountry "ESP"]
[SourceTitle "playchess.com"]
[Source "ChessBase"]
[SourceQuality "1"]
[TimeControl "5400+30"]

1. e4 {[%emt 0:03:08]} e6 {[%emt 0:00:00]} 2. d4 {[%emt 0:00:34]} d5 {[%emt 0:00:00]} 3. Nd2 {[%emt 0:00:05]} Nf6 {[%emt 0:00:01]} 4. e5 {[%emt 0:00:11]} Nfd7 {[%emt 0:00:08]} 5. Bd3 {[%emt 0:00:08]} c5 {[%emt 0:00:23]} 6. c3 {[%emt 0:00:10]} Nc6 {[%emt 0:00:19]} 7. Ne2 {[%emt 0:00:07]} cxd4 {[%emt 0:00:34]} 8. cxd4 {[%emt 0:00:05]} f6 {[%emt 0:00:21]} 9. exf6 {[%emt 0:00:09]} Nxf6 {[%emt 0:00:14]} 10. O-O {[%emt 0:00:15]} Bd6 {[%emt 0:00:14]} 11. f4 {[%emt 0:01:01]} Qb6 {[%emt 0:01:57]} 12. Nf3 {[%emt 0:00:08]} O-O {[%emt 0:00:33]} 13. Kh1 {[%emt 0:00:16]} Bd7 {[%emt 0:01:12]} 14. Nc3 {[%emt 0:00:07]} Rac8 {[%emt 0:01:18]} 15. a3 {[%emt 0:00:34]} Ne7 {[%emt 0:00:55]} 16. Ne5 {[%emt 0:07:05]} Be8 {[%emt 0:03:39]} 17. Qf3 {[%emt 0:03:10]} Bxe5 {[%emt 0:01:46]} 18. dxe5 {[%emt 0:01:04]} Nd7 {[%emt 0:00:26]} 19. Qe2 {[%emt 0:06:03]} Bg6 {[%emt 0:06:03]} 20. Bb5 {[%emt 0:01:10]} Nc5 {[%emt 0:16:56]} 21. Be3 {[%emt 0:01:32]} Qd8 {[%emt 0:00:37]} 22. Rad1 {[%emt 0:01:37]} Nf5 {[%emt 0:21:44]} 23. Bf2 {[%emt 0:06:38]} a6 {[%emt 0:05:18]} 24. Bc4 {[%emt 0:03:07]} Kh8 {[%emt 0:08:36]} 25. Ba2 {[%emt 0:03:35]} Ne7 {[%emt 0:01:47]} 26. Bd4 {[%emt 0:21:59]} Ne4 {[%emt 0:02:53]} 27. Kg1 {[%emt 0:06:56]} Qe8 {[%emt 0:02:33]} 28. g4 {[%emt 0:05:51]} 1/2-1/2

[Event "XIV Closed IM BCC 2021"]
[Site "Barcelona"]
[Date "2021.05.06"]
[Round "4.1"]
[White "Msellek, Ilyass"]
[Black "Ryan, Joseph"]
[Result "0-1"]
[WhiteElo "2342"]
[BlackElo "2271"]
[Annotator "TA"]
[PlyCount "106"]
[EventDate "2021.05.03"]
[EventType "tourn"]
[EventCountry "ESP"]
[SourceTitle "playchess.com"]
[Source "ChessBase"]
[SourceQuality "1"]

{[%evp 19,106,29,57,57,55,50,58,48,54,42,46,45,59,48,59,58,51,68,58,42,108,15,14,8,4,14,7,0,9,0,7,1,12,0,0,0,0,-51,-58,-86,-83,-83,-72,-85,-45,-43,-42,-85,-86,-87,-86,-112,-117,-154,-123,-191,-189,-195,-199,-200,-192,-236,-236,-239,-231,-237,-231,-237,-220,-249,-241,-297,-217,-234,-233,-272,-249,-270,-272,-480,-470,-441,-426,-295,-204,-705,-679,-679,-651]} 1. d4 Nf6 2. c4 c5 3. d5 b5 4. Nf3 g6 5. cxb5 a6 6. b6 d6 7. Nc3 Qxb6 8. e4 Bg7 9. Nd2 O-O 10. Be2 a5 11. Nc4 {A57: Benko/Volga Gambit.} Qc7 12. a4 Ba6 13. Na3 {White is slightly better.} Bxe2 14. Qxe2 Na6 15. O-O Nd7 {[#]} 16. Ncb5 $146 ({Predecessor:} 16. Bd2 Nb4 17. Kh1 Rfb8 18. Nab5 Qc8 19. Rac1 Nb6 20. Be3 Qd7 21. b3 e6 22. dxe6 Qxe6 {1-0 (28) Van Wely,L (2651)-Gourdier,A (2167) Kuppenheim 2004}) 16... Qb7 17. Rb1 Nb6 18. b3 f5 19. Nc4 Nb4 ({Black should try} 19... Nc7 $14) 20. Bb2 (20. Nxb6 $16 Qxb6 21. exf5 {[%mdl 64] Discovered Attack}) 20... fxe4 $11 21. Bxg7 Kxg7 22. Nxb6 Qxb6 23. Qxe4 Rf7 24. Rbe1 Qb7 25. Nc3 Qd7 26. f4 (26. f3 {keeps more tension.} Rb8 27. Re2 Qf5 28. Qc4 Rb7 29. Rd1) 26... Qf5 27. Qxf5 gxf5 28. Re2 (28. Rc1 $11) 28... Rc8 $15 29. Rd2 c4 30. bxc4 Rxc4 31. Nb5 Na6 32. Rd4 Rc5 33. Rfd1 Nb4 {Black converts the advantage convincingly.} 34. R4d2 Kf6 35. Kf2 Rf8 36. h3 Rg8 37. Kf3 {[#]} (37. g3 $17) 37... h5 $1 $19 38. g3 Rgc8 39. Rd4 Rc1 40. g4 hxg4+ 41. hxg4 fxg4+ 42. Kxg4 Rxd1 43. Rxd1 {[%mdl 4096] Endgame KRN-KRN} Rc5 44. Kf3 Nxd5 ({Resist} 44... Rxd5 45. Rxd5 Nxd5 46. Na7 $17) 45. Rd4 Ke6 46. Re4+ Kd7 47. Rd4 Nb6 48. Ke3 d5 49. f5 $2 {[#]} (49. Rd3 {keeps fighting.}) 49... Nxa4 $1 {[%mdl 576] Remove Defender} 50. Rxa4 Rxb5 51. Ra1 Kd6 {Hoping for ...Ke5.} 52. Kd4 $2 (52. Kd3) 52... Rb4+ 53. Kc3 Rf4 {Weighted Error Value: White=0.43/Black=0.10} 0-1

[Event "XIV Closed IM BCC 2021"]
[Site "Barcelona"]
[Date "2021.05.06"]
[Round "4.2"]
[White "Benedetti, Julio"]
[Black "Munoz, Miguel"]
[Result "0-1"]
[WhiteElo "2282"]
[BlackElo "2462"]
[Annotator "RC"]
[PlyCount "58"]
[EventDate "2021.05.03"]
[EventType "tourn"]
[EventCountry "ESP"]
[SourceTitle "playchess.com"]
[Source "ChessBase"]
[SourceQuality "1"]
[TimeControl "5400+30"]

1. e4 {[%emt 0:00:00]} d5 {[%emt 0:13:57]} 2. exd5 {[%emt 0:00:00]} Qxd5 {[%emt 0:00:11]} 3. Nc3 {[%emt 0:00:00]} Qa5 {[%emt 0:00:06]} 4. d4 {[%emt 0:00:21]} Nf6 {[%emt 0:00:06]} 5. Bc4 {[%emt 0:00:36]} Bg4 {[%emt 0:00:52]} 6. f3 {[%emt 0:00:19]} Bd7 {[%emt 0:00:32]} 7. Bd2 {[%emt 0:10:53]} Qb6 {[%emt 0:01:03]} 8. Qe2 {[%emt 0:05:20]} Nc6 {[%emt 0:15:14]} 9. Na4 {[%emt 0:10:05]} Qxd4 {[%emt 0:00:16]} 10. Bc3 {[%emt 0:00:43]} Qh4+ {[%emt 0:01:32]} 11. g3 {[%emt 0:01:02]} Qg5 {[%emt 0:04:36]} 12. Rd1 {[%emt 0:16:02]} O-O-O {[%emt 0:08:17]} 13. Bxf7 {[%emt 0:07:09]} e5 {[%emt 0:00:45]} 14. Qc4 {[%emt 0:12:15]} Qe3+ {[%emt 0:07:30]} 15. Ne2 {[%emt 0:04:32]} Qxf3 {[%emt 0:04:13]} 16. Rf1 {[%emt 0:00:29]} Qe4 {[%emt 0:01:19]} 17. Qb3 {[%emt 0:02:17]} Be7 {[%emt 0:05:52]} 18. Rxd7 {[%emt 0:07:18]} Rxd7 {[%emt 0:03:01]} 19. Be6 {[%emt 0:00:20]} Rhd8 {[%emt 0:01:17]} 20. Bf5 {[%emt 0:02:57]} Qe3 {[%emt 0:02:21]} 21. Qf7 {[%emt 0:01:18]} b5 {[%emt 0:01:24]} 22. g4 {[%emt 0:02:56]} Ne4 {[%emt 0:01:22]} 23. Qd5 {[%emt 0:02:06]} Bh4+ {[%emt 0:00:45]} 24. Kd1 {[%emt 0:00:04]} bxa4 {[%emt 0:00:27]} 25. Nd4 {[%emt 0:05:03]} Nxc3+ {[%emt 0:07:02]} 26. bxc3 {[%emt 0:00:08]} Qxc3 {[%emt 0:02:53]} 27. Nb5 {[%emt 0:01:20]} Qc5 {[%emt 0:00:57]} 28. c4 {[%emt 0:01:31]} Nb4 {[%emt 0:02:01]} 29. Nxa7+ {[%emt 0:00:23]} Qxa7 {[%emt 0:00:28]} 0-1

[Event "XIV Closed IM BCC 2021"]
[Site "Barcelona"]
[Date "2021.05.06"]
[Round "4.3"]
[White "Asis Gargatagli, Hipolito"]
[Black "Perez Perez, Gabriel"]
[Result "1-0"]
[WhiteElo "2454"]
[BlackElo "2079"]
[Annotator "TA"]
[PlyCount "49"]
[EventDate "2021.05.03"]
[EventType "tourn"]
[EventCountry "ESP"]
[SourceTitle "playchess.com"]
[Source "ChessBase"]
[SourceQuality "1"]

{[%evp 13,49,18,25,15,22,24,28,26,28,27,49,25,33,25,34,29,58,27,143,140,128,77,157,156,146,142,197,136,388,387,370,381,498,504,443,464,465,452]} 1. e4 e5 2. Bc4 Nf6 3. d3 Bc5 4. Nf3 Nc6 5. c3 d6 6. O-O O-O 7. a4 {7.Re1 is becoming the main line.} a5 8. Bg5 {C54: Giuoco Piano: 4 c3 Nf6, main lines with 5 d4 and 5 d3.} h6 9. Bh4 g5 10. Bg3 {White has an edge.} Ba7 11. Na3 Nh7 12. Nb5 Bb6 13. d4 {[%cal Rd4e5]} Qf6 {[#]} 14. Be2 $146 ({Predecessor:} 14. Re1 h5 15. h4 Bg4 16. Be2 Bxf3 17. Bxf3 g4 18. dxe5 Nxe5 19. Be2 Ng6 20. Bd3 {0-1 (127) Harikrishna,P (2725)-Hovhannisyan,R (2637) St Petersburg 2018}) 14... h5 15. h3 Qe7 (15... h4 $11 {keeps the balance.} 16. Bh2 exd4) 16. Nd2 $16 h4 17. Bh2 f6 (17... exd4 $142 18. Nc4 d3 19. Bxd3 (19. Qxd3 Bc5 $14) 19... Bc5) 18. Nc4 Ba7 19. Ne3 {[#] And now Nd5 would win.} Bb8 (19... Qg7 $16 {was called for.} 20. Rc1 Kh8) 20. Bg4 (20. d5 $18) 20... Na7 $2 {[%mdl 8192] A mistake that costs the game.} (20... Bxg4 $16 21. Qxg4 Kh8) 21. Bxc8 $18 Nxc8 22. dxe5 dxe5 23. Qd5+ {White is clearly winning.} Qf7 24. Qxb7 Nb6 25. Rad1 {Weighted Error Value: White=0.08/Black=0.41} 1-0

[Event "XIV Closed IM BCC 2021"]
[Site "Barcelona"]
[Date "2021.05.06"]
[Round "4.4"]
[White "Boyer, Mahel"]
[Black "Kuhn, Clement"]
[Result "0-1"]
[WhiteElo "2333"]
[BlackElo "2252"]
[Annotator "TA"]
[PlyCount "180"]
[EventDate "2021.05.03"]
[EventType "tourn"]
[EventCountry "ESP"]
[SourceTitle "playchess.com"]
[Source "ChessBase"]
[SourceQuality "1"]

{[%evp 20,180,18,1,15,10,16,0,0,-27,-19,-26,-22,-21,-19,-22,-22,-35,-42,-56,-70,-83,-93,-99,-32,-44,-30,-40,-47,-85,-85,-93,-95,-94,-94,-91,-93,-116,-115,-114,-105,-120,-64,-65,-52,-86,-7,-60,-64,-83,-88,-82,0,-75,-66,-180,-174,-162,-179,-164,-180,-220,-202,-194,-128,-133,-133,-191,-123,-254,-240,-444,-437,-396,-288,-618,-616,-608,-597,-602,-588,-541,-541,-541,-535,-385,-370,-506,-467,-512,-499,-548,-541,-545,-520,-577,-569,-1301,-1153,-12834,-12837,-12837,-12838,-12837,-12840,-12834,-12835,-12828,-12798,-12828,-12816,-12578,-12185,-12842,-9512,-29940,-2554,-29951,-29954,-29956,-29958,-29968,-29970,-29970,-29971,-29972,-29973,-29972,-29971,-29969,-29971,-29974,-29975,-29975,-29974,-29976,-29974,-29977,-29978,-29978,-29979,-29979,-29976,-29977,-29949,-29980,-29981,-29981,-29982,-29981,-29982,-29984,-29982,-29974,-29970,-29983,-29984,-29992,-29993,-29993,-29992,-29992,-29993]} 1. e4 e6 2. d4 d5 3. e5 c5 4. c3 Nc6 5. Nf3 Bd7 6. Be2 f6 7. O-O fxe5 8. Nxe5 Nxe5 9. dxe5 Qc7 10. Re1 O-O-O 11. Bf1 Nh6 {[#] C02: French: Advance Variation.} 12. Bg5 $146 ({Predecessor:} 12. Nd2 Nf7 13. f4 g5 14. Qh5 Bc6 15. Nf3 gxf4 16. Bxf4 Be8 17. Qh3 Qe7 18. c4 d4 19. Bd3 {½-½ (53) Baillon,O (2269)-Jeanne,M (2195) France 2009}) 12... Re8 13. c4 d4 {The position is equal.} 14. Nd2 Nf7 15. Ne4 Qxe5 16. Bh4 Qc7 17. b4 e5 18. bxc5 Bxc5 19. Qb3 Nd6 20. Nxc5 Qxc5 21. Bg5 Nf5 (21... e4 $17 22. Bd2 Nf5) 22. Bd3 $15 Rhf8 23. Bd2 {Black should prevent Bb4.} Rf6 24. Bb4 Qc7 25. Re2 Bc6 26. Rae1 Nh4 27. Be4 {Strongly threatening Qh3+.} Ng6 28. Bd2 Bxe4 29. Rxe4 Ref8 30. f3 Qb6 (30... Kb8 $17 31. h4 Rf5) 31. Qd3 Qc6 32. h3 Qa4 ({Black should try} 32... R6f7 $17) 33. Rb1 (33. h4 $11) 33... Rc6 $36 {[%mdl 2048] Black has the initiative.} 34. Rb4 Qxa2 35. Re1 a5 (35... Rc7 $17 36. h4 a5) 36. Rbb1 (36. Rb3 $1 $11 {remains equal.}) 36... Qxc4 $17 37. Qe4 (37. Qa3 $1 $15) 37... d3 38. Qxc4 Rxc4 39. Bxa5 Rf6 40. Rbd1 Rd6 41. Re3 Rcd4 (41... b6 $19 42. Be1 Rc2) 42. Bc3 R4d5 43. Kf2 {[#]} (43. g3 $17) 43... b5 (43... Rc6 $1 $19 {[%cal Rc6c3]} 44. Be1 Rc2+ 45. Rd2 Rc3) 44. h4 {This costs White the game.} (44. g3 $17) 44... Rc6 $19 ({Don't play} 44... Nxh4 45. Rxe5 Rxe5 46. Bxe5 $17) 45. Ba1 (45. Ba5 {might work better.}) 45... Rc2+ 46. Kf1 b4 47. h5 $2 (47. Re4) 47... Nf4 {And now ...d2 would win.} 48. Rxe5 d2 {aiming for ...Rc1.} 49. Rxd5 Nxd5 {[%mdl 4096] Endgame KRB-KRN} 50. Ke2 Nc3+ 51. Kd3 Rc1 ({Inferior is} 51... Nxd1 52. Kxc2 Ne3+ 53. Kxd2 $11) 52. Rxd2 Rxa1 {KRN-KR} 53. Kc4 Ra2 54. Rd4 Rxg2 55. Kxb4 Ne2 56. Re4 Ng1 57. h6 gxh6 58. Re7 Nxf3 59. Rxh7 Rg6 60. Kc5 Ng5 61. Ra7 Kd8 62. Kd5 Ke8 63. Ke5 Kf8 64. Kf5 Rb6 65. Rc7 Nf7 66. Kg4 Kg7 67. Kh5 Rb5+ (67... Rg6 $142 68. Kh4 Rg1 69. Ra7 Kf6 70. Ra6+ Kf5 71. Ra8 Ne5 72. Rf8+ Ke4 73. Rf6 Rh1+ 74. Kg3 h5 75. Rf4+ Ke3 76. Rf5 Ng6 77. Rf6 Rg1+ 78. Kh2 Rg5 79. Re6+ Kf3 80. Ra6 Rg2+ 81. Kh1 Nf4 82. Ra3+ Kg4 83. Ra8 Re2 84. Kg1 h4 85. Rg8+ Kh3 86. Rd8 Rg2+ 87. Kf1 Kg4 88. Rg8+ Kf3 89. Rf8 h3 90. Rf7 Kg3 91. Rg7+ Kh4 92. Rf7 Nh5 93. Rf2 Ng3+ 94. Ke1 Rg1+ 95. Kd2 Ne4+ {[%mdl 64] Double Attack} 96. Ke3 Nxf2 97. Kf3 {[#]} h2 $1 98. Kf4 h1=Q 99. Ke5 Qe4+ 100. Kf6 Rg6+ 101. Kf7 Qe6+ 102. Kf8 Rg8#) 68. Kh4 Rf5 {Black mates.} 69. Kg4 Kg6 70. Rc6+ Rf6 71. Rc5 h5+ 72. Kh4 Rf4+ 73. Kg3 Rf5 74. Rc8 Nh6 75. Kh4 Rf4+ 76. Kg3 Rb4 77. Rc3 Kg5 78. Kh3 Nf5 79. Rc8 Rb3+ 80. Kh2 Re3 81. Ra8 Rd3 82. Rg8+ Kh4 83. Rf8 Rd2+ 84. Kg1 Ne3 85. Rf3 Ng4 86. Rb3 Re2 87. Ra3 Re3 88. Ra1 Kg3 89. Kh1 Nf2+ 90. Kg1 Nd3 {Weighted Error Value: White=0.50/Black=0.14} 0-1

[Event "XIV Closed IM BCC 2021"]
[Site "Barcelona"]
[Date "2021.05.06"]
[Round "4.5"]
[White "Martin Barcelo, Carles"]
[Black "Dalaud, Dorian"]
[Result "1-0"]
[WhiteElo "2201"]
[BlackElo "2306"]
[Annotator "TA"]
[PlyCount "103"]
[EventDate "2021.05.03"]
[EventType "tourn"]
[EventCountry "ESP"]
[SourceTitle "playchess.com"]
[Source "ChessBase"]
[SourceQuality "1"]

{[%evp 14,103,18,18,11,19,20,14,60,41,56,57,71,47,64,62,51,44,156,75,91,87,172,170,185,187,239,252,252,250,237,249,238,231,273,288,282,290,294,295,298,297,295,300,312,314,310,298,306,262,281,276,293,254,278,208,207,206,195,197,204,207,233,162,195,156,192,175,206,209,230,229,2157,2089,2108,2140,2052,2064,1995,2089,2024,1898,6211,5530,29983,29984,29984,29985,29987,29986,29987,29987]} 1. e4 g6 2. d4 Bg7 3. Nf3 d6 4. Bc4 Nf6 5. Qe2 O-O 6. O-O Bg4 7. h3 Bxf3 8. Qxf3 {Threatens to win with e5.} Nc6 {B06: Modern Defence.} 9. c3 e5 10. d5 {10.Be3 is the hot move.} Nb8 {The position is equal.} 11. Bd3 Nbd7 12. c4 Nh5 {[#]} 13. Re1 $146 ({Predecessor:} 13. Nc3 Nf4 14. Bc2 Qh4 15. Qg4 Qe7 16. Kh2 f5 17. exf5 h5 18. Qf3 Qh4 19. Bd2 gxf5 20. Rae1 e4 21. Qg3 Qxg3+ 22. fxg3 Ng6 23. Nd1 Be5 {½-½ (23) Ramos Aguilar,J (2094)-Schneider Sanchez,C (1978) Tenerife 2019}) 13... Nf4 14. Bf1 f5 15. g3 Nc5 16. exf5 (16. gxf4 $142 {And now Nd2 would win.} fxe4 17. Qg4) 16... Nh5 $16 17. Qd1 Qf6 {[#]} (17... e4 $16) 18. Be3 $1 $18 Rae8 19. Nc3 a6 (19... e4 {keeps fighting.} 20. g4 Qh4 21. gxh5 gxf5) 20. Bxc5 dxc5 21. Ne4 {[%mdl 64] Double Attack} Qf7 22. fxg6 Qxg6 23. Qg4 Qxg4 24. hxg4 Nf6 25. Nxc5 Nxg4 26. Re2 (26. Nxb7 Rb8 $16) 26... e4 27. Ne6 (27. Nxe4 Bd4 $16) 27... Rf7 28. Bh3 ({But not} 28. Rxe4 $6 Nxf2 29. Rh4 Be5 $18) 28... Ne5 29. Rxe4 Nd3 30. f4 b6 31. Rd1 Nxb2 32. Rde1 Rfe7 33. Kf1 Bf6 34. Nxc7 Rxe4 35. Nxe8 Rxe1+ 36. Kxe1 {[%mdl 4096] Endgame KBN-KBN} Be7 37. Bf1 Na4 38. Nc7 Nc5 39. Bh3 Kf7 40. Ke2 Ne4 41. Be6+ Kf6 42. g4 ({Don't play} 42. Nxa6 Bd6) 42... a5 $2 {[#]} (42... h6 43. Ke3 (43. Nxa6 Bd6 $18) 43... Nd6 44. Nxa6 Nxc4+ 45. Kd4 Nd6) 43. Ne8+ Kg6 44. Bf5+ Kf7 45. Bxe4 Kxe8 46. Bxh7 {KB-KB} Kf7 47. Kf3 Kg7 48. Bc2 Bd6 49. g5 {White mates.} Kf7 50. f5 Kg7 51. Kg4 Kf7 52. f6 {Weighted Error Value: White=0.12/Black=0.43} 1-0